000 00530nam a2200169 i 4500
001 81450
003 ES-MaACL
005 20230906174435.0
007 t|
008 041104s1928 fr ||||1| fre d
100 1 _aHugounenq, L.
_964634
245 1 0 _aPrincipes de pharmacodynamie
_b: constitutions chimiques : profictes physiologiques /
_cL. Hugounenq et G. Florence.
260 _aParis :
_bMasson,
_c1928 (
_fLaval Barneoud)
300 _aVIII, 390 p. ;
_c25 cm.
700 1 _aFlorence, G.
_951242
852 _aES-MaACL
_jA-2496
999 _c81450
_d81450